LEADER 01137nam a2200301 a 4500 001 000000127974 003 CaOOAMICUS 005 20120313115430.0 008 120313s2011 it u000 u ita r 020 $a978-88-13-31702-7 040 $aPUL$bita 082 04$a341 100 1 $aSalerno, Francesco.$0(OLS)http://pul/name/30630 245 10$aDiritto internazionale :$bprincipi e norme /$cFrancesco Salerno. 250 $a2. ed. 260 $aPadova :$bCEDAM,$c2011. 300 $aXXXII, 609 p. ;$c24 cm. 500 $aInclude indice. 504 $aBibliografia: [571]-599. 650 4$aDiritto internazionale.$0(OLS)http://pul/subject/2505 850 $aPUL 852 $aPUL$W1$xSL Diritto e Scienze Sociali 3$y79$m341 SALFR 1$j148134$qDDC 21$B146726$CPULBib$Z2$F146726 $H118951 $82 941 1 $a9 996 $6020$a978-88-13-31702-7$9(OLS)http://pul/number/149175 996 $6082$a341$9(OLS)http://pul/classification/387 996 $6245$aDiritto internazionale :$bprincipi e norme$9(OLS)http://pul/title/161722 996 $6260$aPadova :$bCEDAM$9(OLS)http://pul/publisher/48126 LEADER 01465nam a2200301 a 4500 001 000000154811 003 CaOOAMICUS 005 20250502175740.0 008 161007n1957 xxc u000 u fre r 032 $aLibriCat 040 $aPUL$bita 100 1 $aVidal, Maurice,$cP.S.S.,$d1932-2021.$0(OLS)http://pul/name/42289 245 13$aLe Cardinal de Bérulle théologien marial : la doctrine de Marie Epouse / $cMauritius Vidal. 260 $aNicolet (Québec) :$bCentre Marial Canadien,$c1957. 300 $a67 p. ;$c22 cm. 502 $aDissertatio ad lauream in facultate S. Theologiae apud Pontificium Institutum Angelicum de Urbe. 1956. 504 $aBibliografia in nota a piè pagina. 600 14$aBérulle, Pierre de,$ccard.,$d1575-1629.$0(OLS)http://pul/subject/10090 650 4$aMariologia.$0(OLS)http://pul/subject/28018 710 2 $aPontificio Ateneo Angelicum.$bFacoltà di Teologia.$kTesi.$0(OLS)http://pul/name/97565 850 $aPUL 852 $aPUL$W1$xDP1 Tesi Pon. Univ. S. Tommaso$y44$mTH S.THOM TH162$j177779$qTesi$B180942$CPULBib$Z2$F180942 $H19406 $82 941 1 $a16 960 $aMaria Virgo,$cs.$928018 960 $aMaria Virgo,$cs.$928018 996 $6245$aLe Cardinal de Bérulle théologien marial : la doctrine de Marie Epouse / $9(OLS)http://pul/title/194448 996 $6260$aNicolet (Québec) :$bCentre Marial Canadien$9(OLS)http://pul/publisher/58263